00683nam a22002057a 4500003000400000005001700004008004100021022001400062040000900076050003100085245019300116250001300309260004700322300002300369440001000392500001900402800002000421800001800441800001800459OSt20230719155359.0140903b xxu||||| |||| 00| 0 eng d a0855 0832 cWIUC aKRX19.A3 G34(1993-94 vol1) aThe Ghana Law Reports 1993-94 volume 1: cases determined by the High Court of Appeal and the Supreme Court of the Republic of Ghana /cedited by D.R.K. Sankah, J.K.E. Edzie and P.K.Twumasi aVolume 1 aAccra :bCouncil for Law Reporting,c2001. axxxiv,693p.:c25cm vvol 1 aIncludes index aSankah, D.R.K.  aEdzie, J.K.E. aTwumasi, P.K.